000 00431nam a2200157Ia 4500
003 GCL
008 140319s9999 xx 000 0 eng d
040 _aGCL /
_cGCL
082 0 4 _a305.234
_bGC
245 1 0 _aCHILDREN AND THEIR ART: METHODS FOR THE ELEMENTARY SCHOOL
260 _a[S.N] :
_bMACMILLAN PUBLISHING COMPANY ،
_c1975
300 _a574 P
650 0 4 _aELEMENTARY SCHOOL
650 0 4 _aCHILDREN - ARTS
942 _2ddc
_cBK
999 _c19040
_d19040